The atomic age : (Record no. 5473)
[ view plain ]
| 000 -LEADER | |
|---|---|
| fixed length control field | 01124nam a2200313Ii 4500 |
| 001 - CONTROL NUMBER | |
| control field | 5473 |
| 003 - CONTROL NUMBER IDENTIFIER | |
| rucl marc code | BD-RjUL |
| 005 - DATE AND TIME OF LATEST TRANSACTION | |
| control field | 20211208234055.0 |
| 008 - FIXED-LENGTH DATA ELEMENTS--GENERAL INFORMATION | |
| fixed length control field | 131226s1963 nyu 001 0 eng d |
| 035 ## - SYSTEM CONTROL NUMBER | |
| System control number | MITb10137092 |
| System control number | (OCoLC)03740152 |
| System control number | GLIS00137092 |
| -- | (BD-RjUL)5509 |
| 040 ## - CATALOGING SOURCE | |
| Original cataloging agency | VTU |
| Transcribing agency | VTU |
| Modifying agency | MYG |
| -- | BD-RjUL |
| Language of cataloging | eng |
| 041 ## - LANGUAGE CODE | |
| Language code of text/sound track or separate title | eng |
| 082 04 - DEWEY DECIMAL CLASSIFICATION NUMBER | |
| Edition number | 18 |
| Classification number | 341.672 |
| Author mark and year | ATO |
| 090 ## - LOCALLY ASSIGNED LC-TYPE CALL NUMBER (OCLC); LOCAL CALL NUMBER (OCLC) | |
| Classification number (OCLC) (R) ; Classification number, CALL (RLIN) (NR) | D842 |
| Local cutter number (OCLC) ; Book number/undivided call number, CALL (RLIN) | .B936 1963 |
| 099 ## - LOCAL FREE-TEXT CALL NUMBER (OCLC) | |
| Bangla Class number | D842.B936 1963 |
| 245 14 - TITLE STATEMENT | |
| Title | The atomic age : |
| Remainder of title | scientists in national and world affairs : Articles from the Bulletin of the Atomic Scientists 1945-1962 / |
| Statement of responsibility, etc. | Edited and with introductions by Morton Grodzins and Eugene Rabinowitch ; with the assistance of Harvey Flaumenhaft and Lois Gardner. |
| 260 ## - PUBLICATION, DISTRIBUTION, ETC. (IMPRINT) | |
| Place of publication, distribution, etc. | New York : |
| Name of publisher, distributor, etc. | Basic Books, |
| Date of publication, distribution, etc. | c1963. |
| 300 ## - PHYSICAL DESCRIPTION | |
| Pagination | xviii, 616 p. ; |
| Size | 21 cm. |
| 500 ## - GENERAL NOTE | |
| General note | Includes index. |
| 650 #0 - SUBJECT ADDED ENTRY--TOPICAL TERM | |
| Topical term or geographic name as entry element | Nuclear warfare. |
| 9 (RLIN) | 17169 |
| Topical term or geographic name as entry element | Science and civilization. |
| 9 (RLIN) | 17170 |
| Topical term or geographic name as entry element | World politics |
| Chronological subdivision | 1945-1989. |
| 9 (RLIN) | 6279 |
| 700 1# - ADDED ENTRY--PERSONAL NAME | |
| Personal name | Grodzins, Morton. |
| Personal name | Rabinowitch, Eugene, |
| Dates associated with a name | 1901-1973. |
| 942 ## - ADDED ENTRY ELEMENTS (KOHA) | |
| Source of classification or shelving scheme | Dewey Decimal Classification |
| Koha item type | Books |
| Lost status | Source of classification or shelving scheme | Damaged status | Not for loan | Permanent Location | Current Location | Shelving location | Date acquired | Source of acquisition | Cost, normal purchase price | Total Checkouts | Full call number | Date last seen | Copy number | Koha item type |
|---|---|---|---|---|---|---|---|---|---|---|---|---|---|---|
| Dewey Decimal Classification | Not For Loan | Central Library, University of Rajshahi | Central Library, University of Rajshahi | 28/06/1966 | Asia Foundation | 0.00 | 341.672 ATO 1963 | 26/12/2013 | C-1 | Books |